Zetsuai 1989. 3 /

Tallennettuna:
Bibliografiset tiedot
Aineistotyyppi: Kirja
Kieli:italia
Julkaistu: Modena : Planet Manga, c2002
Tagit: Lisää tagi
Ei tageja, Lisää ensimmäinen tagi!

MARC

LEADER 00000nam a22000007ic4500
001 IT\ICCU\UBO\2157648
003 ItRI
005 20251017201901.0
008 030403s2002 it |||||| ||||| |||||c
020 |a 8883431154 
040 |b ita  |c ct 
041 7 |a ita  |2 ISO-639-2 
245 0 0 |a Zetsuai 1989.   |n 3 /  |c Minami Ozaki. 
260 |a Modena :  |b Planet Manga,  |c c2002 
300 |a 1 volume (senza paginazione) :  |b fumetti ;  |c 18 cm  
500 |a Traduzione Luca Basenghi 
500 |a Lettura da destra verso sinistra 
773 0 |w IT\ICCU\UBO\2157617  |t Zetsuai 1989  |g 3  |a Ozaki, Minami  |0 IT\ICCU\UBOV\777398 
942 |2 ddc  |c BK 
952 |0 0  |1 0  |2 ddc  |4 0  |6 B_FOR02OZAMIZET31  |7 0  |9 7529  |a MI  |b MI  |d 2011-07-04  |i 6207  |l 0  |o B-FOR02-OZAMI-ZET31  |p CDOM6207  |r 2025-07-13 16:28:00  |w 2025-07-13  |y BK 
981 1 |6 z01  |a i   |b xxxe  
982 1 |6 z01  |a n 
999 |c 8136  |d 8136